000 00641nam a2200241Ia 4500
003 OSt
005 20220927110506.0
006 a|||||r|||| 00| 0
007 ta
008 220926b |||||||| |||| 00| 0 eng d
024 _a104580
037 _cReports
040 _aRTL
_cRTL
_beng
041 _2eng
_aeng
082 _a"z.252.N56t5:g, GD"
110 _aUttar Pradesh
_9350962
245 0 _aSecond five year plan
_b" Progress review,1956-61"
300 _a216p.
_ccm.
650 _aGeneralia
700 _aUttar Pradesh
_9350963
942 _h"z.252.N56t5:g, GD"
_cCC
999 _c697028
_d697028